| 000 | 00477 a2200169 4500 | ||
|---|---|---|---|
| 003 | OSt | ||
| 005 | 20240110134850.0 | ||
| 008 | 240110b |||||||| |||| 00| 0 eng d | ||
| 020 | _a9789380442068 | ||
| 040 | _coclc | ||
| 082 |
_a297 _bSUL/A |
||
| 100 |
_aSullami, Abdul Haque _910251 |
||
| 245 |
_aAboo Sufiyan / _cAbdul Haque Sullami, Amayoor |
||
| 260 |
_aKerala: _bDa'wa books, _c2009. |
||
| 300 | _a130p | ||
| 942 |
_2ddc _cBK _h297 _iSUL/A _k297 _mSUL/A |
||
| 999 |
_c43075 _d43075 |
||